[Event "Gorges op 28th"]
[Site "Gorges"]
[Date "2018.07.07"]
[Round "1"]
[White "Le Gouic, Brendan"]
[Black "Martinez, Jean Philippe"]
[Result "0-1"]
[WhiteElo "1817"]
[BlackElo "2028"]
[PlyCount "88"]
[EventDate "2018.07.07"]
[EventType "swiss"]
[EventRounds "5"]
[EventCountry "FRA"]
[SourceTitle "EXT 2020"]
[Source "ChessBase"]
[SourceDate "2019.10.17"]
[SourceVersion "1"]
[SourceVersionDate "2019.10.17"]
[SourceQuality "1"]

1. g3 g6 2. Bg2 Bg7 3. c4 c5 4. Qb3 Nc6 5. Nf3 Nf6 6. d3 0-0 7. e4 d6 8. 0-0 Rb8 9. Nc3 Bd7 10. Bg5 h6 11. Bd2 a6 12. a4 Nb4 13. Na2 Nxa2 14. Qxa2 b5 15. axb5 axb5 16. e5 Ng4 17. exd6 exd6 18. Bc3 bxc4 19. Bxg7 Kxg7 20. dxc4 Qb6 21. Qa6 Be6 22. b3 Qxa6 23. Rxa6 Rxb3 24. Rxd6 Rc3 25. h3 Nf6 26. Nd2 Bxc4 27. Nxc4 Rxc4 28. Rc6 Rd8 29. Re1 Rc2 30. f4 Nh5 31. Rc7 Rdd2 32. Bf1 Rc3 33. Ree7 Rxg3+ 34. Kh1 Rd1 35. Rxf7+ Kg8 36. Kh2 Rd2+ 37. Kh1 Re3 38. Rfd7 Ng3+ 39. Kg1 Rxd7 40. Bc4+ Kf8 41. Rxd7 Rc3 42. Rf7+ Ke8 43. Be6 Re3 44. Kf2 Rxe6 0-1